|
|
|
|
| LEADER |
00000nab a2200000 a 4500 |
| 001 |
vtls000604996 |
| 003 |
SK-MaSNL |
| 005 |
20260303195743.0 |
| 008 |
160401c1996 xo 0 slo |
| 015 |
|
|
|a SNBRB19rr/mm-uuuuu
|
| 035 |
|
|
|a CL0605135
|
| 040 |
|
|
|a SNKBUCL
|b slo
|c SNKBUCL
|e AACR2
|
| 041 |
0 |
|
|a slo
|
| 044 |
|
|
|a xo
|c SK
|
| 080 |
|
|
|a 792.091.4:792.9
|2 1981
|
| 080 |
|
|
|a 792.9
|2 1981
|
| 100 |
1 |
|
|a Panovová, Oľga,
|d 1953-
|4 aut
|9 202950
|
| 245 |
1 |
0 |
|a Bábkarská dekáda
|b v znamení existenčnej neistoty slovenských divadiel
|c Oľga Panovová
|
| 300 |
|
|
|b Obr.
|
| 611 |
1 |
7 |
|a Bábkarská Bystrica
|n 10.
|d 1996
|c Banská Bystrica, Slovensko
|2 snkbucl
|9 1229141
|
| 650 |
0 |
7 |
|a divadelné festivaly a prehliadky
|2 snkbucl
|9 3350
|
| 650 |
0 |
7 |
|a profesionálne bábkové divadlo
|2 snkbucl
|9 1229134
|
| 651 |
|
7 |
|a 5301
|2 snkbucl
|9 893756
|
| 655 |
|
7 |
|a články z novín a časopisov
|2 snkbucl
|9 267496
|
| 773 |
0 |
|
|t Nové slovo bez rešpektu
|g Roč. 6, č. 45 (1996), s. 18
|
| 850 |
|
|
|a Slovenská národná knižnica v Martine
|a MTA001
|
| 852 |
|
|
|a SNK
|b KIS3GCP
|
| 958 |
|
|
|a RK
|
| 958 |
|
|
|a RBX
|
| 999 |
|
|
|c 2164668
|d 2166598
|